| 000 | 00995nam a2200289 a 4500 | ||
|---|---|---|---|
| 005 | 20200104041527.0 | ||
| 008 | 140304b1999 bl ||||| |||| 00| 0 eng d | ||
| 040 |
_aCO-BoIAVH _cCO-BoIAVH |
||
| 041 | _aeng | ||
| 044 | _abl | ||
| 082 | 4 |
_a595.715 _bD22r |
|
| 090 |
_aLB _b01901 |
||
| 100 | 1 |
_aDías F., Braulio S. _914422 |
|
| 245 | 1 |
_aReport on the recommendations of the workshop on the conservation and sustainable use of pollinators in agriculture with emphasis on bees _cInternational Pollinators Iniciative: the Sao Paulo Declaration on Pollinators |
|
| 260 |
_aBrasilia _bMMA _c1999 |
||
| 300 | _a51 paginas. | ||
| 650 |
_aConservación de biodiversidad _9345 |
||
| 650 | 4 |
_aUso sostenible _9344 |
|
| 650 | 4 |
_aPolinizadores _98182 |
|
| 650 | 4 |
_aAgricultura _9304 |
|
| 650 | 4 |
_aAbejas _954264 |
|
| 650 | 4 |
_aServicios ambientales _954265 |
|
| 650 | 4 |
_aPolinización _954266 |
|
| 700 |
_aRaw, Anthony _914428 |
||
| 700 |
_aImperatriz Fonseca, Vera L. _914429 |
||
| 942 |
_cLIBRO _03 _2ddc |
||
| 999 |
_c2068 _d2068 |
||